00970nam a22002177a 450000500170000000800410001702000180005804000520007604100080012810000300013624501470016626000370031330000350035052002100038565000250059565000240062065000290064470000200067370000330069376500260072620260423090954.0260422t2025 |||||||| |||| 00| 0 eng d a9788425236358 aCO-BoUCMbspacStefania BorbondStefania Borbon aeng 1aYanagi, Soetsu,d889-1961 aEl artesano anónimobuna visión japonesa de la belleza /cSoetsu Yanagi ; adaptación de Bernard Leach ; traducción de Álvaro Marcos. aBarcelona :bEditorial GG,c2025 a211 páginas :bilustraciones aEnsayo sobre la estética japonesa y el movimiento Mingei, que reivindica la belleza de los objetos utilitarios creados por artesanos anónimos bajo una filosofía de sencillez y espiritualidad budista. 7aArtesaníazJapón 7aEstética japonesa 7aArte y sociedadzJapón 1aLeach, Bernard, 1aMarcos, Álvaro,etraductor tThe Unknown Craftsman